Data structures (Record no. 7518)
[ view plain ]
| 000 -LEADER | |
|---|---|
| fixed length control field | 00296nam a2200133Ia 4500 |
| 008 - FIXED-LENGTH DATA ELEMENTS--GENERAL INFORMATION | |
| fixed length control field | 191201s2011 xx 000 0 und d |
| 100 ## - MAIN ENTRY--PERSONAL NAME | |
| Personal name | LIPCHUTZ,Seymour |
| 245 #0 - TITLE STATEMENT | |
| Title | Data structures |
| 250 ## - EDITION STATEMENT | |
| Edition statement | 2nd |
| 260 ## - PUBLICATION, DISTRIBUTION, ETC. (IMPRINT) | |
| Date of publication, distribution, etc | 2011 |
| Name of publisher, distributor, etc | TMH |
| Place of publication, distribution, etc | N. delhi |
| 300 ## - PHYSICAL DESCRIPTION | |
| Extent | MISC |
| 650 ## - SUBJECT ADDED ENTRY--TOPICAL TERM | |
| Topical term or geographic name as entry element | MCA |
| 942 ## - ADDED ENTRY ELEMENTS (KOHA) | |
| Source of classification or shelving scheme | Dewey Decimal Classification |
| Koha item type | Book Bank |
| 942 ## - ADDED ENTRY ELEMENTS (KOHA) | |
| -- | 51 |
| Withdrawn status | Lost status | Source of classification or shelving scheme | Damaged status | Not for loan | Collection code | Home library | Current library | Date acquired | Source of acquisition | Cost, normal purchase price | Bill Number | Total Checkouts | Full call number | Acc. no. / Barcode | Date last seen | Date last borrowed | Actual Cost, discounted price | Bill Date | Koha item type | Public note | Checked out |
|---|---|---|---|---|---|---|---|---|---|---|---|---|---|---|---|---|---|---|---|---|---|
| Dewey Decimal Classification | BCA | PIET C-LIBRARY | PIET C-LIBRARY | 30/06/2020 | IBH, New Delhi | 299.00 | 18198 (2012-02-08) | 47 | 005.73 LID | BC1441 | 15/10/2025 | 29/09/2025 | 200.33 | 30/06/2020 | Text Books | Transfer BooK Bank to Main | |||||
| Dewey Decimal Classification | BCA | PIET C-LIBRARY | PIET C-LIBRARY | 30/06/2020 | IBH, New Delhi | 299.00 | IN 5460 (2010-12-07) | 25 | 005.73 LID | BC1442 | 21/05/2026 | 04/05/2026 | 190.00 | 30/06/2020 | Text Books | Transfer BooK Bank to Main | |||||
| Dewey Decimal Classification | BCA | PIET C-LIBRARY | PIET C-LIBRARY | 30/06/2020 | IBH, New Delhi | 299.00 | IN 5482 (2010-12-09) | 26 | 005.73 LID | BC1443 | 13/09/2023 | 06/09/2023 | 190.41 | 30/06/2020 | Text Books | Transfer BooK Bank to Main | |||||
| Dewey Decimal Classification | MCA | PIET C-LIBRARY | PIET C-LIBRARY | 08/02/2012 | IBH, New Delhi | 299.00 | 18198 | 1 | 005.73 LID | BB8102 | 25/06/2022 | 25/06/2022 | 08/02/2012 | Book Bank | 11/07/2022 | ||||||
| Dewey Decimal Classification | MCA | PIET C-LIBRARY | PIET C-LIBRARY | 08/02/2012 | IBH, New Delhi | 299.00 | 18198 | 1 | 005.73 LID | BB8103 | 25/06/2022 | 25/06/2022 | 08/02/2012 | Book Bank | 11/07/2022 |